[Event "Foment Martinenc op-C 19st"]
[Site "Barcelona"]
[Date "2017.04.29"]
[Round "2.37"]
[White "Garcia Martinez, Joel"]
[Black "Casanova Puig, Antoni"]
[Result "1-0"]
[WhiteElo "1491"]
[BlackElo "1684"]
[PlyCount "75"]
[EventDate "2017.04.22"]
[EventType "swiss"]
[EventRounds "9"]
[EventCountry "ESP"]
[SourceTitle "EXT 2024"]
[Source "ChessBase"]
[SourceDate "2023.10.10"]
[SourceVersion "1"]
[SourceVersionDate "2023.10.10"]
[SourceQuality "1"]

1. e4 e5 2. Nf3 Nc6 3. Bc4 Nf6 4. Nc3 h6 5. 0-0 Be7 6. d4 exd4 7. Nxd4 Nxd4 8. Qxd4 c5 9. Qe3 d6 10. b3 0-0 11. Nd5 Ng4 12. Qf4 Bg5 13. Qg3 Bxc1 14. Raxc1 Ne5 15. Be2 Be6 16. f4 Bxd5 17. fxe5 Bxe4 18. exd6 Bc6 19. Rcd1 a6 20. Rf4 Bd7 21. Bg4 f5 22. Be2 Kh8 23. Qc3 b6 24. Rf3 Qf6 25. Qxf6 Rxf6 26. Rf4 Rd8 27. b4 cxb4 28. Rxb4 b5 29. Rbd4 Bc6 30. d7 Rf7 31. Bf3 Bxd7 32. Bc6 Rff8 33. Bxd7 Rf7 34. Be6 Rff8 35. Rxd8 Rxd8 36. Rxd8+ Kh7 37. Bxf5+ g6 38. Rd7+ 1-0

[Event "Foment Martinenc op-C 18th"]
[Site "Barcelona"]
[Date "2016.06.11"]
[Round "8"]
[White "Orts Gonzalez, Rafael"]
[Black "Casanova Puig, Antoni"]
[Result "1-0"]
[WhiteElo "1526"]
[BlackElo "1743"]
[PlyCount "105"]
[EventDate "2016.04.23"]
[EventType "swiss"]
[EventRounds "9"]
[EventCountry "ESP"]
[SourceTitle "EXT 2017"]
[Source "ChessBase"]
[SourceDate "2016.10.25"]
[SourceVersion "1"]
[SourceVersionDate "2016.10.25"]
[SourceQuality "1"]

1. d4 d6 2. Bf4 Nd7 3. e4 e5 4. Be3 Ngf6 5. Qf3 a6 6. d5 h6 7. Bd3 c6 8. Nc3 cxd5 9. exd5 Qc7 10. Nge2 b5 11. Ng3 Nb6 12. b4 Bg4 13. Bxb6 Qxb6 14. Qe3 Qb7 15. Be4 Nxe4 16. Qxe4 Qc7 17. Qd3 Be7 18. a4 0-0 19. 0-0 Bf6 20. Nce4 Be7 21. axb5 f5 22. f3 fxe4 23. fxe4 Rxf1+ 24. Rxf1 Bd7 25. c4 axb5 26. cxb5 Rb8 27. Nf5 Bxf5 28. exf5 Qd7 29. Qg3 Bf6 30. Ra1 Qxb5 31. Qb3 Qd7 32. Qg3 Rxb4 33. Ra8+ Bd8 34. Qg6 Rb1+ 35. Kf2 Rd1 36. Qe6+ Qxe6 37. Rxd8+ Kf7 38. dxe6+ Kf6 39. Rf8+ Kg5 40. e7 Rd2+ 41. Kf3 Rd3+ 42. Ke2 e4 43. e8Q Kf4 44. g3+ Kg4 45. Qg6+ Kh3 46. Qh5+ Kg2 47. Qe8 d5 48. Qe5 Rb3 49. Qxd5 Rb2+ 50. Ke3 Kf1 51. Qd1+ Kg2 52. f6 Ra2 53. fxg7 1-0

[Event "Foment Martinenc op-B 15th"]
[Site "Barcelona"]
[Date "2013.05.11"]
[Round "4"]
[White "Gibert Juan, Ramon"]
[Black "Casanova Puig, Antoni"]
[Result "1-0"]
[WhiteElo "1654"]
[BlackElo "1775"]
[PlyCount "57"]
[EventDate "2013.04.20"]
[EventType "swiss"]
[EventRounds "9"]
[EventCountry "ESP"]
[SourceTitle "CBM 154 Extra"]
[Source "ChessBase"]
[SourceDate "2013.06.25"]
[SourceVersion "2"]
[SourceVersionDate "2013.06.25"]
[SourceQuality "1"]

1. d4 Nf6 2. c4 c6 3. Nc3 d5 4. cxd5 cxd5 5. Nf3 Nc6 6. e3 a6 7. Be2 Bf5 8. a3 Qc7 9. h3 e5 10. dxe5 Nxe5 11. Nxd5 Qa5+ 12. Nc3 Be7 13. Qa4+ Qxa4 14. Nxa4 Ned7 15. 0-0 Rc8 16. Nc3 0-0 17. Bd2 Nc5 18. Nd4 Bd3 19. Rac1 Bxe2 20. Ncxe2 Nd3 21. Rxc8 Rxc8 22. Bc3 Nd5 23. Nf5 Bf6 24. Bxf6 gxf6 25. Rd1 Nxe3 26. fxe3 Nxb2 27. Rd2 Nc4 28. Rc2 b5 29. Ne7+ 1-0